| 000 | 00872nam a2200217Ia 4500 | ||
|---|---|---|---|
| 999 |
_c40066 _d40066 |
||
| 001 | 6672 | ||
| 003 | GE_BSU | ||
| 005 | 20191210155250.0 | ||
| 008 | 181216s1963||||ge |||||||||||||| ||geo|| | ||
| 040 | _cGE_BSU | ||
| 041 | _ageo | ||
| 080 | _a821.353.1-32 გ-30 | ||
| 100 |
_aგელაშვილი, გიორგი _95742 |
||
| 245 |
_aმიტოვებული ქოხი : _bმოთხრობები / _cგიორგი გელაშვილი ; რედ. ვ. ჯავახაძე. |
||
| 264 |
_aთბილისი : _bსაბჭოთა საქართველო, _c1963. |
||
| 300 |
_a149 გვ. ; _c20 სმ. |
||
| 653 | _aმიტოვებული ქოხი | ||
| 653 | _aმოთხრობები | ||
| 700 |
_aჯავახაძე, ვ. _eრედაქტორი _93758 |
||
| 942 |
_cBK _2udc |
||